Bandiere di Paesi più Simili al Ciad - Statistics

Statistiche generali
  • Questo quiz è stato fatto 3.432 volte
  • Il punteggio medio è 7 su 7
Statistiche sulle risposte
con Immagini Risposta % Corretto
Romania
99%
Colombia
96%
Venezuela
96%
Moldavia
95%
Andorra
94%
Ecuador
91%
Armenia
87%
Nessun quiz corrispondente trovato
Distribuzione punteggi
Percentuale di utenti per punteggio
Percentile per numero di risposta
I tuoi punteggi nel tempo
Non hai fatto questo quiz